Villanos de Dragon Ball - Estadísticas

Estadísticas generales
  • Esta prueba ha sido intentada 884 veces
  • La puntuación promedio es 5 de 15
Estadísticas de respuestas
Pista Respuesta % Correcto
Murió descuartizado Freezer
84%
Pasó años viviendo en el cuerpo de una rana Ginyu
47%
Fue asesinado por Piccolo Raditz
42%
Sobrevivió a la explosión del planeta Kaio Célula
39%
Ayudó a un niño ciego Buu
38%
Convirtió a Goku en un niño Pilaf
38%
Parasita el cuerpo de sus enemigos Baby
37%
Trabajó como científico para la Red Ribbon Gero
36%
Alcanzó la inmortalidad Zamasu
26%
Fue asesinado por Trunks King Cold
23%
Fue asesinado por Tao Pai Pai Blue
20%
Su deseo era ser más alto Red
18%
Fue asesinado por Majin Buu Dabla
5%
Rompió la espada de Trunks Número18
5%
Fue mutilado por Vegeta Número 19
4%
No se encontraron pruebas coincidentes
Distribución de puntuación
Porcentaje de gente con cada puntuación
Porcentaje por número respondido
Historial de tus puntuaciones
No has intentado esta prueba.